| 000 | 00000nam 2200000za 4500 |
| 001 | 9.815872 |
| 003 | CaOODSP |
| 005 | 20221107142122 |
| 007 | cr ||||||||||| |
| 008 | 160420s2016 onc |o f000 0 eng d |
| 040 | |aCaOODSP|beng |
| 043 | |an-cn--- |
| 086 | 1 |aCS9-2/3-2016E-PDF |
| 245 | 00|a2A - 2016 census questions and reasons why the questions are asked |h[electronic resource]. |
| 260 | |a[Ottawa] : |bStatistics Canada, |c[2016]. |
| 300 | |a[15] p. |
| 500 | |aIssued also in French under title: 2A - questions du recensement de 2016 et les raisons pour lesquelles les questions sont posées. |
| 692 | 07|2gccst|aCensus |
| 710 | 2 |aStatistics Canada. |
| 775 | 08|t2A - questions du recensement de 2016 et les raisons pour lesquelles les questions sont posées |w(CaOODSP)9.815873 |
| 775 | 08|t[2A - 2016 census questions and reasons why the questions are asked] |w(CaOODSP)9.816709 |
| 775 | 08|t[2A - 2016 census questions and reasons why the questions are asked] |w(CaOODSP)9.816711 |
| 775 | 08|t[2A - 2016 census questions and reasons why the questions are asked] |w(CaOODSP)9.816714 |
| 775 | 08|t[2A - 2016 census questions and reasons why the questions are asked] |w(CaOODSP)9.816716 |
| 775 | 08|t[2A - 2016 census questions and reasons why the questions are asked] |w(CaOODSP)9.816719 |
| 775 | 08|t[2A - 2016 census questions and reasons why the questions are asked] |w(CaOODSP)9.816722 |
| 775 | 08|t[2A - 2016 census questions and reasons why the questions are asked] |w(CaOODSP)9.816724 |
| 775 | 08|t[2A - 2016 census questions and reasons why the questions are asked] |w(CaOODSP)9.816726 |
| 775 | 08|t[2A - 2016 census questions and reasons why the questions are asked] |w(CaOODSP)9.816729 |
| 775 | 08|t[2A - 2016 census questions and reasons why the questions are asked] |w(CaOODSP)9.816731 |
| 856 | 40|qPDF|s364 KB|uhttps://publications.gc.ca/collections/collection_2016/statcan/CS9-2-3-2016-eng.pdf |